| 000 | 00894nam a22001577a 4500 | ||
|---|---|---|---|
| 003 | OSt | ||
| 005 | 20151021091740.0 | ||
| 008 | 151021b xxu||||| |||| 00| 0 eng d | ||
| 040 | _cRUA | ||
| 082 | _aAVM LAK 2010 B095 Or.1 | ||
| 100 |
_92576 _aLAK YOUSSEY |
||
| 245 | _aStudy on growth rate of avian broiler by adding fresh earthworm and cabbage by product on c.p concentrate at the royal university of agricultuer, (សិក្សាការលូតលាស់របស់មាន់សាចពូជ AVIAN ដោយបន្ថែមជន្លេនក្រហម និងអនុផលស្ពៃក្ដោបស្រស់លើចំណីផ្សំក្រុមហ៊ុន ស៊ី.ភី សាកលវិទ្យាល័យភូមិន្ទកសិកម្ម) | ||
| 260 |
_aphnom penh _brua _c2010 |
||
| 300 |
_axii, 41p. _bill. _c29cm. |
||
| 942 |
_2ddc _cAVM |
||
| 999 |
_c2427 _d2427 |
||